| 000 | 00909nam a2200265Ia 4500 | ||
|---|---|---|---|
| 003 | OSt | ||
| 005 | 20221005032426.0 | ||
| 006 | a|||||r|||| 00| 0 | ||
| 007 | ta | ||
| 008 | 221004b |||||||| |||| 00| 0 eng d | ||
| 020 |
_a9780226566825 (hbk) _cUSD 45.00 |
||
| 024 | _a41388 | ||
| 037 |
_b8508, 14/01/2019, Efficient Book Distributors _cTextual |
||
| 040 |
_aCRL _cCRL _beng |
||
| 041 |
_2eng _aeng |
||
| 082 | _aR3xM44:g, Q8 | ||
| 100 |
_aZuckert Catherine H. Ed. _9426888 |
||
| 245 | 0 |
_aLeo strauss on political philosophy _b responding to the challenge of positivism and historicism |
|
| 260 |
_aChicago _bUniversity of Chicago Press USA _c2018 |
||
| 300 |
_axxxviii,232p. _ccm. |
||
| 650 | _a POLITICAL SCIENCE | ||
| 650 | _aPHILOSOPHY | ||
| 942 |
_hR3xM44:g, Q8 _cTEXL _2cc |
||
| 999 |
_c939692 _d939692 |
||